000 00865cam a2200301 i 4500
001 768714001
003 CO-MdFUSB
005 20241203144518.0
007 ta
008 241203t1984 -ck||||| |||| 00| 0 spa d
020 _a958-9354-11-
_q4
040 _cCO-MdFUSB
041 0 _aspa
082 0 4 _223
_a235.4
_bM3939l
100 1 _aMarzullo, Frank
_eautor
245 1 0 _aLLaves para ministrar liberación y sanidad
_c/ Frank Marzullo ; traducido por Pablo Barreto
264 1 _bLibros Desafío,
_aEstados Unidos
_c[1984]
264 4 _c©1984
300 _a136 Pag.
336 _atexto
_btxt
_2rdacontent
337 _2rdamedia
_asin mediación
_bn
338 _2rdacarrier
_avolumen
_bnc
500 _aTítulo original : Eight keys to spiritual and physical health
563 _arustico
653 _aGuerra espiritual
942 _cBK
945 _aMiguel
999 _c32008
_d32008